Test of English as a foreign language Preparation guide

Salvato in:
Dettagli Bibliografici
Autore principale: Michael A Pyle
Natura: Libro
Lingua:Undetermined
Pubblicazione: New York John Wiley 1986
Soggetti:
Tags: Aggiungi Tag
Nessun Tag, puoi essere il primo ad aggiungerne! !
Thư viện lưu trữ: Trung tâm Học liệu Trường Đại học Cần Thơ
LEADER 00505nam a2200181Ia 4500
001 CTU_858
008 210402s9999 xx 000 0 und d
082 |a 428.0076 
082 |b P996 
100 |a Michael A Pyle 
245 0 |a Test of English as a foreign language 
245 0 |b Preparation guide 
245 0 |c Michael A Pyle 
260 |a New York 
260 |b John Wiley 
260 |c 1986 
650 |a english language - study and teaching 
980 |a Trung tâm Học liệu Trường Đại học Cần Thơ